Latine scripta: disquisitiones ad humaniorum litterarum cultum
Saved in:
| Hovedforfatter: | |
|---|---|
| Format: | Bog |
| Sprog: | latin |
| Udgivet: |
Salamanca
Universidad Pontificia de Salamanca
1968
|
| Serier: | Biblioteca Salmanticensis. Estudios, 25
|
| Fag: | |
| Tags: |
Tilføj Tag
Ingen Tags, Vær først til at tagge denne postø!
|
MARC
| LEADER | 00000nam a2200000 a 4500 | ||
|---|---|---|---|
| 001 | UCX5097 | ||
| 003 | CL-VaPUC | ||
| 008 | 920910e19680000SP |||||||||||||||||lat|d | ||
| 082 | 0 | 4 | |a 870 |b JIM |2 21 |
| 100 | |a Jiménez Delgado, José |e author |9 617371 | ||
| 245 | 1 | 0 | |a Latine scripta: disquisitiones ad humaniorum litterarum cultum |
| 300 | |a 420 p | ||
| 942 | |c BK | ||
| 945 | |d 19920910 00:00:00 | ||
| 260 | |a Salamanca |b Universidad Pontificia de Salamanca |c 1968 | ||
| 650 | 0 | |a Literatura latina |9 258055 | |
| 583 | |a last modification |c 19920910 00:00:00 |k Rodrigo Vera | ||
| 490 | 0 | |a Biblioteca Salmanticensis. Estudios, 25 | |
| 999 | |c 225439 |d 225437 | ||
| 952 | |0 0 |1 0 |4 0 |6 870_000000000000000_JIM_1968 |7 0 |8 P |9 222947 |a BIBEDU |b BIBEDU |c BIBEDU_PB |d 2019-11-15 |i 2917548 |o 870 JIM 1968 |p 2917548 |r 2024-01-25 |w 2019-11-15 |y BK |k FIL | ||